Botanic gardens conservation news : magazine of the IUCN Botanic Gardens Conservation Secretariat.

Disimpan dalam:
Butiran Bibliografi
Pengarang Korporat: Botanic Gardens Conservation Secretariat.
Format: Jurnal
Bahasa:English
Diterbitkan: [Kew, Richmond, Surrey] : The Secretariat, [1987-
Subjek-subjek:
Penanda-penanda: Tambah Penanda
Tiada Penanda, Jadilah orang pertama menanda rekod ini!
LEADER 00907cas a2200277Ia 4500
001 001663608-2
005 20020606090541.3
008 880114c19879999enkfx p 0uuua0eng d
010 |a sn 89025532  
035 0 |a ocm17346989 
040 |a MOA  |c MOA  |d HUL 
042 |a lcd 
245 0 0 |a Botanic gardens conservation news :  |b magazine of the IUCN Botanic Gardens Conservation Secretariat. 
246 1 3 |a BGC news 
246 1 4 |a Botanic garden conservation news 
260 0 0 |a [Kew, Richmond, Surrey] :  |b The Secretariat,  |c [1987- 
300 |a v. :  |b ill. ;  |c 30 cm. 
310 |a Two no. a year 
362 0 |a Vol. 1, no. 1 (Dec. 1987)- 
500 |a Title from cover. 
650 0 |a Plant conservation  |v Periodicals. 
650 0 |a Botanical gardens  |v Periodicals. 
650 0 |a Conservation of natural resources  |v Periodicals. 
710 2 |a Botanic Gardens Conservation Secretariat. 
988 |a 20020608 
906 |0 OCLC